| 000 | 00636nam a2200229 a 4500 | ||
|---|---|---|---|
| 005 | 20210219153253.0 | ||
| 008 | 991125n 000 0 spa u | ||
| 035 | _aUPN01000087730 | ||
| 100 | 1 | _aFRENK, Julio | |
| 222 | _aFORO UNIVERSITARIO | ||
| 245 | _aEl mercado de trabajo médico : evolución histórica en México : continuación | ||
| 300 | _a15-22 | ||
| 362 | _a1981 2a Época, no. 3, feb. | ||
| 650 | 4 | _aMÉXICO | |
| 650 | 4 | _aIMSS | |
| 650 | 4 | _aMÉDICOS | |
| 650 | 4 | _aUNAM | |
| 700 | 0 | 2 | _aHERNÁNDEZ LLAMAS, Héctor, coaut. |
| 700 | 0 | 2 | _aALVAREZ KLEIN, Lourdes, coaut. |
| 904 |
_aAC _b025541 |
||
| 905 | _aArticulo | ||
| 999 |
_c72677 _d72677 |
||